PL/SQL Oracle

محفوظ في:
التفاصيل البيبلوغرافية
المؤلف الرئيسي: Nguyễn, Ngọc Minh
التنسيق: كتاب
اللغة:Undetermined
منشور في: Thành phố Hồ Chí Minh Thống kê 2006
الموضوعات:
الوسوم: إضافة وسم
لا توجد وسوم, كن أول من يضع وسما على هذه التسجيلة!
Thư viện lưu trữ: Trung tâm Học liệu Trường Đại học Cần Thơ
LEADER 00652nam a2200217Ia 4500
001 CTU_101410
008 210402s9999 xx 000 0 und d
020 |c 69000 
082 |a 005.7585 
082 |b M312/T.1 
100 |a Nguyễn, Ngọc Minh 
245 0 |a PL/SQL Oracle 
245 0 |c Nguyễn Ngọc Minh 
260 |a Thành phố Hồ Chí Minh 
260 |b Thống kê 
260 |c 2006 
650 |a Database management,Oracle ( computer programs ) 
650 |x Computer programs 
904 |i Minh 
910 |a Sách kèm CD: AV.002116, AV.002155,AV.002151 
980 |a Trung tâm Học liệu Trường Đại học Cần Thơ